Music for the movies /

Bibliographic Details
Main Author: Thomas, Tony, 1927-1997
Format: Book
Language:English
Published: Los Angeles : Silman-James Press, 1997.
Edition:2nd ed., expanded and updated.
Subjects:

MARC

Tag First Indicator Second Indicator Subfields
LEADER 00000cam a2200000 a 4500
001 in00001402527
005 20151020055421.0
008 970620s1997 caua 000 0 eng
010 |a  97027528  
020 |a 1879505371 (paper) 
035 |a (OCoLC)37239039 
035 |9 AHN4404AM 
040 |a DLC  |c DLC  |d C#P  |d TXA  |d UtOrBLW 
049 |a TXAM 
050 0 0 |a ML2075  |b .T54 1997 
082 0 0 |a 781.5/42  |2 21 
100 1 |a Thomas, Tony,  |d 1927-1997. 
245 1 0 |a Music for the movies /  |c Tony Thomas. 
250 |a 2nd ed., expanded and updated. 
264 1 |a Los Angeles :  |b Silman-James Press,  |c 1997. 
300 |a xi, 330 pages :  |b illustrations ;  |c 23 cm. 
336 |a text  |b txt  |2 rdacontent 
337 |a unmediated  |b n  |2 rdamedia 
338 |a volume  |b nc  |2 rdacarrier 
650 0 |a Motion picture music  |x History and criticism. 
948 |a c:ce 
999 |a MARS 
999 f f |s ebc6127a-c390-3a70-a9db-bceb92820be5  |i f56be041-2575-3bd6-8809-b01a0b78179b  |t 0 
952 f f |p ric  |a Texas A&M University  |b Rellis Campus  |c Joint Library Facility  |d Remote Storage  |t 0  |e ML2075 .T54 1997  |h Library of Congress classification  |i unmediated -- volume  |m A14832030559 
998 f f |a ML2075 .T54 1997  |t 0  |l Remote Storage